Šimonovy pracovní listy : předlohy pro kopírování. 5, Grafomotorická cvičení /

Hlavní autor: Pilařová, Marie
Jazyk: Čeština
Vydáno: Praha : Portál, 2013
Vydání: 6. vyd.
Témata:
Fyzický popis: 32 l. : il. ; 30 cm
Knihy
Uloženo v:
LEADER 01538nam a2200445 a 4500
001 nkc20132466260
003 CZ PrNK
005 20140107080453.0
007 ta
008 130530s2013 xr a e f 000 0 cze
015 |a cnb002466260 
020 |a 978-80-262-0464-0  |q (brož.) 
035 |a (OCoLC)852383606 
040 |a BOA001  |b cze 
072 7 |a 373.2/.3  |x Předškolní a primární výchova a vzdělávání  |2 Konspekt  |9 22 
080 |a 373.2  |2 MRF 
080 |a 316.346.32-053.5  |2 MRF 
080 |a 159.946.4  |2 MRF 
080 |a (076.1)  |2 MRF 
100 1 |a Pilařová, Marie  |7 kv2008437726  |4 aut 
245 1 0 |a Šimonovy pracovní listy :  |b předlohy pro kopírování.  |n 5,  |p Grafomotorická cvičení /  |c Marie Pilařová 
246 3 0 |a Grafomotorická cvičení 
250 |a 6. vyd. 
260 |a Praha :  |b Portál,  |c 2013 
300 |a 32 l. :  |b il. ;  |c 30 cm 
500 |a Název z obálky 
521 8 |a Pro mateřské školy a první ročníky ZŠ 
650 0 7 |a předškolní výchova  |7 ph124887  |2 czenas 
650 0 7 |a děti školního věku  |7 ph119714  |2 czenas 
650 0 7 |a grafomotorika  |7 ph120600  |2 czenas 
650 0 9 |a preschool education  |2 eczenas 
650 0 9 |a school children  |2 eczenas 
650 0 9 |a graphomotorics  |2 eczenas 
655 7 |a pracovní listy  |7 fd250497  |2 czenas 
655 9 |a activity pages  |2 eczenas 
910 2 |a BOA001  |b 4-1305.788,5 
990 |a BK 
995 |a 01 
991 |b 201306  |c NOV  |e n 
996 6 |b 2610552841  |c 4-1305.788,5  |l MZK  |r Sklad / do 1 hodiny  |n 2  |p p.v.  |w 001335820  |u 000010  |a 1  |e BOA001  |j MZK50  |s P